<?xml version="1.0" encoding="UTF-8"?>
<record
    xmlns:xsi="http://www.w3.org/2001/XMLSchema-instance"
    xsi:schemaLocation="http://www.loc.gov/MARC21/slim http://www.loc.gov/standards/marcxml/schema/MARC21slim.xsd"
    xmlns="http://www.loc.gov/MARC21/slim">

  <leader>03804nam a2200337 a 4500</leader>
  <controlfield tag="003">OSt</controlfield>
  <controlfield tag="005">20250220091728.0</controlfield>
  <controlfield tag="007">cr ||||||a|c|a</controlfield>
  <controlfield tag="008">250121s2020    mx a|||fom||| 001 0 spa d</controlfield>
  <datafield tag="040" ind1=" " ind2=" ">
    <subfield code="e">rda</subfield>
  </datafield>
  <datafield tag="100" ind1="0" ind2=" ">
    <subfield code="a">Vite Crist&#xF3;bal, Claudio</subfield>
    <subfield code="9">120034</subfield>
  </datafield>
  <datafield tag="245" ind1="1" ind2=" ">
    <subfield code="a">Caracterizaci&#xF3;n agron&#xF3;mica de leucaena leucocephala (Lam.) de Wit de distintas procedencias agroclim&#xE1;ticas de Mexico /</subfield>
    <subfield code="c">por Claudio Vite Crist&#xF3;bal; director de tesis Pedro Arturo Mart&#xED;nez Hern&#xE1;ndez; asesores externos Enrique Cort&#xE9;s D&#xED;az y Ponciano P&#xE9;rez Hern&#xE1;ndez; lector externo Jos&#xE9; Manuel Palma Garc&#xED;a.</subfield>
  </datafield>
  <datafield tag="264" ind1=" " ind2="1">
    <subfield code="a">Chapingo, M&#xE9;xico :</subfield>
    <subfield code="b">El autor,</subfield>
    <subfield code="c">2020.</subfield>
  </datafield>
  <datafield tag="300" ind1=" " ind2=" ">
    <subfield code="a">1 recurso en l&#xED;nea (106 p&#xE1;ginas):</subfield>
    <subfield code="b">cuadros, figuras.</subfield>
  </datafield>
  <datafield tag="336" ind1=" " ind2=" ">
    <subfield code="2">rdacontent</subfield>
    <subfield code="a">texto</subfield>
    <subfield code="b">txt</subfield>
  </datafield>
  <datafield tag="337" ind1=" " ind2=" ">
    <subfield code="2">rdamedia</subfield>
    <subfield code="a">computadora</subfield>
    <subfield code="b">c</subfield>
  </datafield>
  <datafield tag="338" ind1=" " ind2=" ">
    <subfield code="2">rdacarrier</subfield>
    <subfield code="a">recurso en l&#xED;nea</subfield>
    <subfield code="b">cr</subfield>
  </datafield>
  <datafield tag="502" ind1=" " ind2=" ">
    <subfield code="b">DCIG</subfield>
    <subfield code="c">Zootecn&#xED;a</subfield>
    <subfield code="d">2020.</subfield>
    <subfield code="g">DOC</subfield>
  </datafield>
  <datafield tag="504" ind1=" " ind2=" ">
    <subfield code="a">Incluye referencias bibliogr&#xE1;ficas: p&#xE1;ginas 5-7,25-34,46-47,64,88-92.</subfield>
  </datafield>
  <datafield tag="520" ind1=" " ind2=" ">
    <subfield code="a">Leucaena leucocephala (Leucaena) es una planta arbustiva, leguminosa y forrajera nativa de M&#xE9;xico distribuida en diferentes regiones agroclim&#xE1;ticas de este pa&#xED;s, por lo que conviene analizar el estado del conocimiento en esta especie y caracterizar sus atributos agron&#xF3;micos al variar la regi&#xF3;n agroclimatol&#xF3;gica de procedencia; lo cual fue motivo de estudio de esta disertaci&#xF3;n doctoral. A partir del an&#xE1;lisis de art&#xED;culos cient&#xED;ficos sobre los atributos agron&#xF3;micos, ambientales y forrajeros se gener&#xF3; un banco de informaci&#xF3;n que justifica la incorporaci&#xF3;n de esta especie en sistemas silovpastoriles tropicales encaminados a lograr la sostenibilidad ambiental y econ&#xF3;mica de empresas ganaderas, resaltando que existen oportunidades de investigaci&#xF3;n para superar limitantes agron&#xF3;micas y nutricionales de la Leucanea. El estudio de la caracterizaci&#xF3;n del fruto y la semilla mediante estad&#xED;stica multivariada determin&#xF3; la relaci&#xF3;n de dependencia entre las caracter&#xED;sticas morfol&#xF3;gicas de estas a partir de una colecta de 149 accesiones de diferentes regiones agroclim&#xE1;ticas de M&#xE9;xico, resaltando la importancia del recurso nativo mexicano para emprender programas de mejoramiento de Leucaena con fines comerciales. En plantaci&#xF3;n se determinaron modelos matem&#xE1;ticos que describen la din&#xE1;mica del &#xE1;rea foliar del cultivo para definir criterios de cosecha, permitiendo el desarrollo de herramientas pr&#xE1;cticas que ayudan a la toma de decisiones en la cosecha del forraje. En campo se caracterizaron individuos de diferente origen agroclimatol&#xF3;gico con base al rendimiento de biomasa comestible, atributos morfo-fisiol&#xF3;gicos y calidad del forraje, sugiriendo opciones de germoplasma &#xFA;tiles en programas de selecci&#xF3;n de Leucaena para mejorar el rendimiento y la calidad del forraje comestible de empresas ganaderas en ambientes tropicales. En esta disertaci&#xF3;n doctoral se presenta una caracterizaci&#xF3;n agron&#xF3;mica de gemoplasma nativo mexicano de Leucaena, generando informaci&#xF3;n que permite diferenciar cualidades y limitaciones agron&#xF3;micas entre individuos de diferente origen agroclimatol&#xF3;gico.</subfield>
  </datafield>
  <datafield tag="650" ind1=" " ind2="7">
    <subfield code="a">Leucaena leucocephala</subfield>
    <subfield code="x">Valor nutritivo</subfield>
    <subfield code="9">188695</subfield>
  </datafield>
  <datafield tag="650" ind1=" " ind2="4">
    <subfield code="a">Leucaena leucocephala</subfield>
    <subfield code="x">Como forraje</subfield>
    <subfield code="9">125888</subfield>
  </datafield>
  <datafield tag="650" ind1=" " ind2="4">
    <subfield code="a">Leucaena leucocephala</subfield>
    <subfield code="x">Fisiolog&#xED;a y morfolog&#xED;a</subfield>
    <subfield code="9">189846</subfield>
  </datafield>
  <datafield tag="650" ind1=" " ind2="7">
    <subfield code="a">Plantas forrajeras</subfield>
    <subfield code="x">Tr&#xF3;picos</subfield>
    <subfield code="9">88989</subfield>
  </datafield>
  <datafield tag="700" ind1="1" ind2=" ">
    <subfield code="a">Mart&#xED;nez Hern&#xE1;ndez, Pedro Arturo</subfield>
    <subfield code="e">Director de tesis.</subfield>
    <subfield code="9">72165</subfield>
  </datafield>
  <datafield tag="700" ind1="1" ind2=" ">
    <subfield code="a">Cort&#xE9;s D&#xED;az, Enrique</subfield>
    <subfield code="9">28347</subfield>
    <subfield code="e">Asesor externo.</subfield>
  </datafield>
  <datafield tag="700" ind1="1" ind2=" ">
    <subfield code="a">P&#xE9;rez Hern&#xE1;ndez, Ponciano</subfield>
    <subfield code="9">89747</subfield>
    <subfield code="e">Asesor externo.</subfield>
  </datafield>
  <datafield tag="700" ind1="1" ind2=" ">
    <subfield code="a">Palma Garc&#xED;a, Jos&#xE9; Manuel</subfield>
    <subfield code="9">189851</subfield>
  </datafield>
  <datafield tag="856" ind1=" " ind2=" ">
    <subfield code="u">http://10.13.5.2/tesis/td/2020_ZO_Vite_Cristobal_Claudio.pdf</subfield>
    <subfield code="z">DESCARGAR PDF</subfield>
  </datafield>
  <datafield tag="942" ind1=" " ind2=" ">
    <subfield code="2">Clasificaci&#xF3;n Universidad Aut&#xF3;noma Chapingo</subfield>
    <subfield code="c">TD</subfield>
  </datafield>
  <datafield tag="999" ind1=" " ind2=" ">
    <subfield code="c">220350</subfield>
    <subfield code="d">220350</subfield>
  </datafield>
  <datafield tag="952" ind1=" " ind2=" ">
    <subfield code="0">0</subfield>
    <subfield code="1">0</subfield>
    <subfield code="2">local</subfield>
    <subfield code="4">0</subfield>
    <subfield code="5">1</subfield>
    <subfield code="7">0</subfield>
    <subfield code="8">TesdigD</subfield>
    <subfield code="a">BD</subfield>
    <subfield code="b">BD</subfield>
    <subfield code="c">E_L</subfield>
    <subfield code="d">2025-01-21</subfield>
    <subfield code="l">0</subfield>
    <subfield code="o">Tesis digital</subfield>
    <subfield code="r">2025-01-21 12:59:52</subfield>
    <subfield code="w">2025-01-21</subfield>
    <subfield code="y">TD</subfield>
  </datafield>
</record>
